5HLuxD.jpg

KING HENRY VIII SENIOR AND PRIMARY SCHOOL LIBRARY OPAC

The way back home / (Record no. 1895)

000 -LEADER
fixed length control field 01269cam a2200337 a 4500
001 - CONTROL NUMBER
control field 401922
003 - CONTROL NUMBER IDENTIFIER
control field OSt
005 - DATE AND TIME OF LATEST TRANSACTION
control field 20230215085800.0
008 - FIXED-LENGTH DATA ELEMENTS--GENERAL INFORMATION
fixed length control field 220712s2017 enka c 000 0 eng d
020 ## - INTERNATIONAL STANDARD BOOK NUMBER
International Standard Book Number 9780007182329
Qualifying information (pbk.) :
037 ## - SOURCE OF ACQUISITION
Source of stock number/acquisition 公共圖書館臺東分區資源中心
040 ## - CATALOGING SOURCE
Original cataloging agency NF
Transcribing agency TTCT
Modifying agency TTCT
-- KH8
042 ## - AUTHENTICATION CODE
Authentication code nbic
082 0# - DEWEY DECIMAL CLASSIFICATION NUMBER
Classification number 823.92 JEF
100 1# - MAIN ENTRY--PERSONAL NAME
Personal name Jeffers, Oliver.
Relator term author
245 14 - TITLE STATEMENT
Title The way back home /
Statement of responsibility, etc. Oliver Jeffers.
260 ## - PUBLICATION, DISTRIBUTION, ETC.
Place of publication, distribution, etc. London :
Name of publisher, distributor, etc. HarperCollins Children's Books,
Date of publication, distribution, etc. 2017.
300 ## - PHYSICAL DESCRIPTION
Extent 1 v. (unpaged) :
Other physical details col. ill. ;
Dimensions 27 cm.
500 ## - GENERAL NOTE
General note CD in pocket at front of book.
500 ## - GENERAL NOTE
General note Originally published without accompanying sound disc in 2007.
500 ## - GENERAL NOTE
General note Read by Paul McGann.
520 ## - SUMMARY, ETC.
Summary, etc. Stranded on the moon after his extraordinary aeroplane takes him into outer space, a boy meets a marooned young Martian with a broken spacecraft, and the two new friends work together to return to their respective homes.
650 #0 - SUBJECT ADDED ENTRY--TOPICAL TERM
Topical term or geographic name entry element Space flight
Form subdivision Juvenile fiction.
650 #0 - SUBJECT ADDED ENTRY--TOPICAL TERM
Topical term or geographic name entry element Martians
Form subdivision Juvenile fiction.
650 #0 - SUBJECT ADDED ENTRY--TOPICAL TERM
Topical term or geographic name entry element Cooperativeness
Form subdivision Juvenile fiction.
651 #0 - SUBJECT ADDED ENTRY--GEOGRAPHIC NAME
Geographic name Moon
Form subdivision Juvenile fiction.
653 ## - INDEX TERM--UNCONTROLLED
Uncontrolled term 英語學習
653 ## - INDEX TERM--UNCONTROLLED
Uncontrolled term 青少年
700 1# - ADDED ENTRY--PERSONAL NAME
Personal name McGann, Paul.
Relator term illustrator
942 ## - ADDED ENTRY ELEMENTS (KOHA)
Source of classification or shelving scheme
Koha item type Books - Non Ficton
Holdings
Withdrawn status Lost status Source of classification or shelving scheme Damaged status Not for loan Collection code Permanent Location Current Location Shelving location Date acquired Total Checkouts Full call number Barcode Date last seen Date last checked out Price effective from Koha item type
          Non-Fiction KH8 Primary School Library KH8 Primary School Library Non Fiction 2023-02-15 20 823.92 JEF KHPL000003624 2025-12-05 2025-03-11 2023-02-15 Books - Non Ficton

Powered By KH8 IT Dept